Statistics for Country names embedded in other countries

Click here to take the quiz!

General Stats

  • This quiz has been taken 77 times
    (36 since last reset)
  • The average score is 4 of 7

Answer Stats

#Answercan be found in...% Correct
2DominicaDominican Republic
67%
3GuineaEquatorial Guinea, Guinea-Bissau, Papua New Guinea
67%
7SudanSouth Sudan
63%
1Republic of the CongoDemocratic Republic of the Congo
59%
5NigerNigeria
56%
4MaliSomalia
52%
6OmanRomania
33%

Score Distribution

Percentile by Number Answered

Percent of People with Each Score

Your Score History

You have not taken this quiz since the last reset